Southville International School and Colleges
Your cart is empty.
  • Cart
  • Lists
    Public lists Eva Luna New books Lux_list list_1
    Your lists Log in to create your own lists
  • Log in to your account
  • Your cookies
  • Search history
Southville International School and Colleges
  • Advanced search
  • Recent comments
  • Most popular
  • Libraries

Log in to your account

Log in with GOOGLE


If you do not have an external account, but do have a local account, you can still log in:

  1. Home
  2. MARC view: Harcourt science :
Normal view MARC view ISBD view

Harcourt science : (Record no. 112934)

[ view plain ]
MARC details
000 -LEADER
fixed length control field 00459nam a2200169 a 4500
001 - CONTROL NUMBER
control field 1160
005 - DATE AND TIME OF LATEST TRANSACTION
control field 20140414131956.0
008 - FIXED-LENGTH DATA ELEMENTS--GENERAL INFORMATION
fixed length control field 041027s19uu xx 00 eng d
020 ## - INTERNATIONAL STANDARD BOOK NUMBER
International Standard Book Number 0-15-317686-5
050 ## - LIBRARY OF CONGRESS CALL NUMBER
Classification number TR 372.3
Item number H11 2000
245 ## - TITLE STATEMENT
Title Harcourt science :
Remainder of title teaching resources.
250 ## - EDITION STATEMENT
Edition statement California Edition
260 ## - PUBLICATION, DISTRIBUTION, ETC. (IMPRINT)
Name of publisher, distributor, etc Harcourt School,
Date of publication, distribution, etc 2000.
Place of publication, distribution, etc Orlando :
300 ## - PHYSICAL DESCRIPTION
Extent 99 p. ; cm.
650 ## - SUBJECT ADDED ENTRY--TOPICAL TERM
Topical term or geographic name as entry element Science
General subdivision Study and teaching.
Holdings
Withdrawn status Lost status Damaged status Use restrictions Home library Current library Shelving location Date acquired Source of acquisition Total Checkouts Full call number Barcode Date last seen Price effective from Koha item type
        Munich Library Munich Library Teachers Reference Section 10/27/2004     TR 372.3 H11 2000 M4355 04/14/2014 04/14/2014 Books

Harcourt science :

APA

(2000). Harcourt science. Orlando: Harcourt School.

Chicago

2000. Harcourt science. Orlando: Harcourt School.

Harvard

(2000). Harcourt science. Orlando: Harcourt School.

MLA

Harcourt science. Orlando: Harcourt School. 2000.

  • Place hold
  • Print
  • Cite
  • Add to your cart (remove)
  • Save record
    BIBTEX Dublin Core MARCXML MARC (non-Unicode/MARC-8) MARC (Unicode/UTF-8) MARC (Unicode/UTF-8, Standard) MODS (XML) RIS
  • More searches
    Search for this title in:
    Other Libraries (WorldCat) Other Databases (Google Scholar) Online Stores (Bookfinder.com) Open Library (openlibrary.org)

Exporting to Dublin Core...

SOUTHVILLE LIBRARY

Southville International School and Colleges Library

1281 Tropical Ave. Cor. Luxembourg St., BF Homes International, Las Pinas City

Tel. No. 8256374 / 252358 Loc. 117/146

Powered by Koha